Z Nitry do Bystrice: rýchlo, draho, ktovie kedy

Najväčšie dielo posledných rokov - rýchlostná cesta medzi Nitrou a Banskou Bystricou - sa stalo na pár týždňov čiernou stavbou.

Gespeichert in:
Bibliographische Detailangaben
1. Verfasser: Kremský, Peter
Format: Buchkapitel
Sprache:Slowakisch
Schlagworte:
Tags: Tag hinzufügen
Keine Tags, Fügen Sie das erste Tag hinzu!

MARC

LEADER 00000naa a2200000 4500
001 0142089
005 20231113073304.9
041 0 |a slo 
044 |a SK 
245 1 0 |a Z Nitry do Bystrice: rýchlo, draho, ktovie kedy  |c Peter Kremský 
520 |a Najväčšie dielo posledných rokov - rýchlostná cesta medzi Nitrou a Banskou Bystricou - sa stalo na pár týždňov čiernou stavbou. 
610 2 0 |a diaľnice 
610 2 0 |a doprava cestná 
610 2 0 |a Slovensko 
100 1 |a Kremský, Peter